Cấu tạo từ tiếng Anh = Word formation

Αποθηκεύτηκε σε:
Λεπτομέρειες βιβλιογραφικής εγγραφής
Κύριος συγγραφέας: Roger Berry
Μορφή: Βιβλίο
Γλώσσα:Undetermined
Έκδοση: Tp. HCM Nxb. Tp. HCM 1997
Θέματα:
Ετικέτες: Προσθήκη ετικέτας
Δεν υπάρχουν, Καταχωρήστε ετικέτα πρώτοι!
Thư viện lưu trữ: Trung tâm Học liệu Trường Đại học Cần Thơ
LEADER 00545nam a2200181Ia 4500
001 CTU_30651
008 210402s9999 xx 000 0 und d
082 |a 425 
082 |b B534w 
100 |a Roger Berry 
245 0 |a Cấu tạo từ tiếng Anh 
245 0 |b = Word formation 
245 0 |c Roger Berry, Nguyễn Thành Yến 
260 |a Tp. HCM 
260 |b Nxb. Tp. HCM 
260 |c 1997 
650 |a english language - grammar,english language - word formation 
980 |a Trung tâm Học liệu Trường Đại học Cần Thơ